[Event "Alekhine op"]
[Site "Moscow"]
[Date "1992.??.??"]
[Round "?"]
[White "Tseitlin, Mikhail S"]
[Black "Belikov, Vladimir"]
[Result "1-0"]
[WhiteElo "2495"]
[BlackElo "2460"]

1.e4 d6 2.d4 Nf6 3.Nc3 e5 4.Nf3 Nbd7 5.Bc4 Be7 6.O-O O-O 7.a4 c6 8.Re1 h6
9.a5 Re8 10.d5 Bf8 11.b4 cxd5 12.Nxd5 Nxd5 13.Qxd5 Qe7 14.Be3 Nf6 15.Qd3 d5
16.Bxd5 Nxd5 17.Qxd5 Be6 18.Qxe5 Qxb4 19.Qg3 Qxe4 20.Bxh6 Qxc2 21.Nd4 Qh7
22.Bf4 Bb4 23.Re5 Bd7 24.Qb3 Qh4 25.g3 Qf6 26.Rxe8+ Rxe8 27.Qxb4 Re4 28.Rd1 Bg4
29.Rd3 Be2 30.Re3 Rxd4 31.Re8+ Kh7 32.Qxb7 Ba6 33.Qb1+ Bd3 34.Qd1 Bg6 35.Qg4 Qf5
36.Qxf5 Bxf5 37.Be3 Rd1+ 38.Kg2 a6 39.Kf3 Bd3 40.Re7 Kg6  1-0

[Event "Moscow Tal mem"]
[Site "Moscow"]
[Date "1992.??.??"]
[Round "?"]
[White "Zakharov, Alexander V"]
[Black "Rashkovsky, Nukhim N"]
[Result "0-1"]
[WhiteElo "2365"]
[BlackElo "2530"]

1.e4 d6 2.d4 Nf6 3.Nc3 c6 4.Nf3 Bg4 5.h3 Bh5 6.Be2 e6 7.O-O Be7 8.Be3 O-O
9.Nd2 Bxe2 10.Qxe2 d5 11.e5 Ne8 12.f4 f5 13.exf6 Bxf6 14.Bf2 Qd6 15.Nf3 Nc7
16.Qe3 Nba6 17.a3 b6 18.Rad1 Nb5 19.Ne2 Qe7 20.Qd3 Nac7 21.Ne5 Qe8 22.Ng3 Nd6
23.Qe2 Rc8 24.b3 Bh4 25.Qg4 Bxg3 26.Bxg3 Ncb5 27.Be1 Nf5 28.Bf2 Nc3 29.Rd3 Ne4
30.Qe2 Qe7 31.g4 Nh6 32.Be1 Qxa3 33.c4 Qe7 34.Qe3 Nf7 35.Nf3 a5 36.Bh4 Qb7
37.Nd2 Nfd6 38.c5 bxc5 39.dxc5 Nxd2 40.Qxe6+ Nf7 41.Rxd2 Rce8 42.Qf5 Re4
43.Rf3 Nd8 44.Qh5 g6 45.Qg5 Ne6 46.Qh6 Rfxf4 47.Rxf4 Nxf4 48.Bg5 Qxb3 49.Bxf4 Qf3
50.Qh4 Rxf4 51.Rb2 Qe3+ 52.Kg2 Qe4+ 53.Kh2 Qe5  0-1

[Event "Moscow rapid"]
[Site "Moscow"]
[Date "1992.??.??"]
[Round "?"]
[White "Sveshnikov, Evgeny"]
[Black "Rashkovsky, Nukhim N"]
[Result "1-0"]
[WhiteElo "2525"]
[BlackElo "2530"]

1.e4 d6 2.d4 Nf6 3.Nc3 c6 4.f4 Qa5 5.Bd3 e5 6.dxe5 dxe5 7.f5 b5 8.Nf3 Nbd7
9.Qe2 Bb7 10.O-O a6 11.Bd2 Qc7 12.a4 Be7 13.Nd1 Nc5 14.axb5 axb5 15.Nf2 O-O
16.g4 Rfe8 17.b4 Na4 18.g5 Nh5 19.Nxe5 Bd6 20.Qxh5 Bxe5 21.Rae1 Bd4 22.Be3 Qb6
23.Bxd4 Qxd4 24.e5 Rxe5 25.f6 h6 26.Bh7+ Kxh7 27.Rxe5 Kg8 28.Rfe1 Nc3 29.fxg7  1-0

[Event "Moscow4"]
[Site "Moscow"]
[Date "1992.??.??"]
[Round "?"]
[White "Yuferov, Sergey  N"]
[Black "Sokolovs, Andrei"]
[Result "1-0"]
[WhiteElo "2440"]
[BlackElo "2435"]

1.d4 d6 2.e4 Nf6 3.Nc3 c6 4.Nf3 Bg4 5.Be2 e6 6.O-O d5 7.Ne5 Bxe2 8.Qxe2 Be7
9.exd5 Nxd5 10.Nxd5 Qxd5 11.Rd1 O-O 12.Bf4 Qd8 13.Rd3 Nd7 14.Rad1 Nf6 15.Rg3 g6
16.Rb3 Qc8 17.Bh6 Re8 18.Qf3 Rb8 19.g4 Rf8 20.Bxf8 Qxf8 21.g5 Nd5 22.Nd7 Qc8
23.Nxb8 Qxb8 24.h4 Bd6 25.Qe4 Ne7 26.Kg2 Nd5 27.Rh1 Nf4+ 28.Kf1 Qc7 29.Rf3 Nh5
30.c4 Qa5 31.d5 cxd5 32.cxd5 e5 33.Qc4 Qd2 34.Kg2 Kg7 35.Rb1 h6 36.gxh6+ Qxh6
37.Rd1 Qh8 38.Kf1 Qe8 39.Rc1 e4 40.Re3 f5 41.Rec3 Nf4 42.Qb3 Qe7 43.Rc8 Be5
44.Qa3 Qf7 45.R1c7  1-0

[Event "Moscow3"]
[Site "Moscow"]
[Date "1992.??.??"]
[Round "?"]
[White "Gutop, Yuri V"]
[Black "Rausis, Igors"]
[Result "0-1"]
[WhiteElo "2430"]
[BlackElo "2460"]

1.e4 d6 2.d4 Nf6 3.Nc3 c6 4.f4 Qa5 5.Bd3 e5 6.dxe5 dxe5 7.f5 Nbd7 8.Bd2 Nc5
9.Qe2 Qc7 10.Nf3 b5 11.O-O Bb7 12.Kh1 a6 13.Bg5 Be7 14.Nd1 h6 15.Bh4 O-O-O
16.Nf2 Nh5 17.Bxe7 Qxe7 18.g3 Nf6 19.b4 Na4 20.a3 c5 21.c4 bxc4 22.Bxc4 Nc3
23.Qc2 Ncxe4 24.Nxe4 Nxe4 25.Kg1 Ng5 26.Be2 Qd6 27.Rac1 Qd4+ 28.Kh1 c4 29.Qxc4+ Qxc4
30.Rxc4+ Kb8 31.Kg1 Rd2 32.Nxg5 Rxe2 33.Nf3 Rd8 34.Rcc1 Rdd2 35.Nxd2 Rg2+
36.Kh1 Rxd2+  0-1

[Event "Moscow VDFSO"]
[Site "Moscow"]
[Date "1992.??.??"]
[Round "?"]
[White "Korsunsky, Yuri"]
[Black "Sokolovs, Andrei"]
[Result "0-1"]
[WhiteElo "2460"]
[BlackElo "2435"]

1.d4 d6 2.e4 Nf6 3.Nc3 c6 4.Be3 Nbd7 5.Nf3 e5 6.h3 Be7 7.a4 O-O 8.Be2 b6
9.O-O Qc7 10.Nd2 a6 11.f4 Bb7 12.dxe5 dxe5 13.Nc4 b5 14.fxe5 Nxe5 15.axb5 cxb5
16.Nxe5 Qxe5 17.Qd4 Bd6 18.Qxe5 Bxe5 19.Bd3 Rfe8 20.Bd2 Bd4+ 21.Kh1 Nxe4
22.Nxe4 Bxe4 23.Bxe4 Rxe4 24.Ra2 h5 25.Rf5 Re2 26.Bc3 Bxc3 27.bxc3 Rd8 28.Rxa6 Rd1+
29.Kh2 f6 30.Rxh5 Rdd2 31.Kg3 Rxc2 32.Ra3 Rxg2+ 33.Kf3 Rcf2+ 34.Ke3 Rb2 35.Rh4 Rg3+
36.Kf4 Rd3 37.Kf5 Rd5+ 38.Ke6 Re5+ 39.Kd6 g5 40.Ra8+ Kg7 41.Rhh8 Rd2+ 42.Kc6 Rd3
43.h4 Rxc3+ 44.Kb6 gxh4 45.Rxh4 Rc4 46.Rh1 b4 47.Rg1+ Rg5 48.Rb1 Re5 49.Rg1+ Kf7
50.Rb1 f5 51.Rh8 Rg4 52.Rh7+ Rg7 53.Rxg7+ Kxg7 54.Rxb4 Kf6 55.Kc6 Kg5 56.Kd6 Ra5
57.Rb1 f4 58.Rg1+ Kh4  0-1

[Event "Munich op9192"]
[Site "Munich"]
[Date "1992.??.??"]
[Round "1"]
[White "Van Parreren, Hanneke"]
[Black "Bandza, Algirdas"]
[Result "0-1"]
[WhiteElo "2140"]
[BlackElo "2400"]

1.d4 d6 2.e4 Nf6 3.Nc3 Nbd7 4.Nf3 e5 5.Bc4 Be7 6.O-O O-O 7.h3 c6 8.a4 a5
9.Be3 Qc7 10.Ba2 exd4 11.Nxd4 Re8 12.Qd2 Ne5 13.Rad1 Bd7 14.f4 Ng6 15.Nf3 Be6
16.Bxe6 fxe6 17.Kh1 d5 18.f5 exf5 19.exd5 Rad8 20.Nd4 Nxd5 21.Nxd5 Rxd5 22.Rxf5 Qd7
23.Rxd5 Qxd5 24.Nf3 Qe4 25.Bb6 Qxa4 26.Bxa5 Bf6 27.b3 Qf4 28.Qxf4 Nxf4 29.Re1 Ra8
30.Bd2 Nd5 31.Bg5 Bc3 32.Re2 Ra2 33.Re8+ Kf7 34.Rb8 b5 35.Rc8 h6 36.Bd8 Ra6
37.Kg1 Ke6 38.Bh4 Kd7 39.Rg8 Ra2 40.Be1 Bf6 41.c4 bxc4 42.bxc4 Ne3 43.Bf2 Nxc4
44.Bd4 Ke6 45.Bxf6 Kxf6 46.Rc8 Ra6 47.Rc7 g6 48.g4 Ne5 49.Nxe5 Kxe5 50.Kf2 Kf4
51.Rf7+ Kg5 52.Rc7 Ra2+ 53.Kg3 Ra3+ 54.Kf2 Ra2+ 55.Kg3 Ra3+ 56.Kf2 Rc3 57.Ke2 Rxh3
58.Rxc6 Rg3  0-1

[Event "Munich op9192"]
[Site "Munich"]
[Date "1992.??.??"]
[Round "1"]
[White "Palac, Mladen"]
[Black "Schmidt Schaeffer, Sebastian"]
[Result "1-0"]
[WhiteElo "2495"]
[BlackElo "2280"]

1.e4 d6 2.d4 Nf6 3.Nc3 Nbd7 4.f4 e5 5.Nf3 exd4 6.Qxd4 c6 7.Be3 d5 8.e5 Ng4
9.Bg1 Bc5 10.Qd2 Bxg1 11.Rxg1 Qb6 12.O-O-O Nxh2 13.Nd4 Nxf1 14.Rdxf1 O-O
15.g4 Re8 16.Nf5 Nf8 17.Nd6 Re6 18.g5 Rxd6 19.exd6 Bf5 20.Ne2 Rd8 21.Ng3 Bc8
22.f5 Rxd6 23.Ne4 Rd8 24.Nf6+ Kh8 25.Nxh7 Nxh7 26.Rh1 Re8 27.g6 Qe3 28.Rxh7+ Kg8
29.Rfh1 Qxd2+ 30.Kxd2 fxg6 31.fxg6  1-0

[Event "Munich op9192"]
[Site "Munich"]
[Date "1992.??.??"]
[Round "2"]
[White "Mueller, Karsten"]
[Black "Wahls, Matthias"]
[Result "0-1"]
[WhiteElo "2425"]
[BlackElo "2560"]

1.e4 d6 2.d4 Nf6 3.Nc3 e5 4.dxe5 dxe5 5.Qxd8+ Kxd8 6.Bg5 Be6 7.O-O-O+ Nd7
8.Nd5 Bxd5 9.Rxd5 Kc8 10.Bxf6 Nxf6 11.Rxe5 g6 12.f3 c6 13.Nh3 b5 14.Bxb5 cxb5
15.Rxb5 Bh6+ 16.Kb1 Rd8 17.g4 a6 18.Rb3 Nd7 19.f4 Ra7 20.e5 Nc5 21.Rc3 Rc7
22.g5 Bf8 23.Nf2 Ne6 24.Rh3 Rd4 25.Rxh7 Rxf4 26.Nd3 Rf5 27.h4 Kb7 28.Rg1 Bc5
29.Re1 Nf4 30.Nxf4 Rxf4 31.h5 gxh5 32.Rxh5 Re7 33.c3 Rf5 34.Rh7 Kc6 35.b4 Bf2
36.Re2 Bg3 37.g6  0-1

[Event "Munich op9192"]
[Site "Munich"]
[Date "1992.??.??"]
[Round "4"]
[White "Klundt, Klaus"]
[Black "Wahls, Matthias"]
[Result "1/2-1/2"]
[WhiteElo "2410"]
[BlackElo "2560"]

1.e4 d6 2.d4 Nf6 3.Nc3 e5 4.Nf3 Nbd7 5.Bc4 Be7 6.O-O O-O 7.Re1 c6 8.a4 h6
9.Ba2 Nh7 10.Be3 Bf6 11.Qd2 Qe7 12.Rad1 Re8 13.d5 c5 14.b4 b6 15.Nb5 Rd8
16.a5 Ng5 17.Nxg5 Bxg5 18.Bxg5 hxg5 19.Ra1 a6 20.Na3 cxb4 21.Qxb4 bxa5 22.Qxa5 Nc5
23.Nc4 Rb8 24.Qd2 Bd7 25.Na5 Rb6 26.Bc4 Rdb8 27.h3 g6 28.Qe2 Kg7 29.Ra3 Qd8
30.Kh2 Qf6 31.Nc6 Bxc6 32.dxc6 Qe7  1/2-1/2

[Event "Munich op9192"]
[Site "Munich"]
[Date "1992.??.??"]
[Round "5"]
[White "Aseev, Konstantin N"]
[Black "Tischbierek, Raj"]
[Result "1-0"]
[WhiteElo "2525"]
[BlackElo "2480"]

1.d4 d6 2.e4 Nf6 3.Nc3 e5 4.Nf3 Nbd7 5.Bc4 Be7 6.O-O O-O 7.Re1 c6 8.a4 Qc7
9.Qe2 b6 10.d5 Bb7 11.dxc6 Bxc6 12.Bg5 Rac8 13.Nd2 Rfe8 14.b3 h6 15.Bh4 g5
16.Bg3 Nf8 17.Rad1 Ng6 18.Nf1 Nf4 19.Bxf4 exf4 20.Qd3 Bf8 21.Nd2 g4 22.Nb5 Bxb5
23.Bxb5 Re6 24.Bc4 Re5 25.Nb1 Rg5 26.Nc3 g3 27.fxg3 fxg3 28.Rf1 Bg7 29.Kh1 Ng4
30.Nd5 Qc5 31.Qxg3 Be5 32.Qh4 Bxh2 33.Rf5 Rg7 34.Ne7+ Kh8 35.Rxc5 Rxc5 36.Nf5 Rg5
37.Be2 Rg6 38.Bxg4 Be5 39.c4 Kh7 40.Bf3 Rc8 41.Ne7 Re8 42.Nxg6  1-0

[Event "Munich op9192"]
[Site "Munich"]
[Date "1992.??.??"]
[Round "9"]
[White "Leko, Peter"]
[Black "Tischbierek, Raj"]
[Result "0-1"]
[WhiteElo "2385"]
[BlackElo "2480"]

1.e4 d6 2.d4 Nf6 3.Nc3 e5 4.Nf3 Nbd7 5.Bc4 Be7 6.O-O O-O 7.Re1 c6 8.a4 Qc7
9.h3 b6 10.Qe2 a6 11.Ba2 Rb8 12.dxe5 dxe5 13.Nh4 Nc5 14.Nf5 Bxf5 15.exf5 e4
16.Be3 Rbe8 17.f4 exf3 18.Qxf3 Bd6 19.Bd4 Be5 20.Bxe5 Rxe5 21.Rxe5 Qxe5 22.Qxc6 Qd4+
23.Kh2 Qb4 24.Rb1 Qf4+ 25.Kh1 Nh5 26.Qf3 Ng3+ 27.Kg1 Qxf3 28.gxf3 Nxf5 29.Rd1 a5
30.Kf2 g6 31.Bd5 Ne7 32.Bc4 Rc8 33.Bb5 Nf5 34.Nd5 Rb8 35.Nf6+ Kg7 36.Ne4 Rc8
37.c3 h5 38.Nd6 Nxd6 39.Rxd6 Rb8 40.b4 axb4 41.cxb4 Ne6 42.h4 Kf6 43.Bc6 Ke5
44.Rd5+ Kf6 45.Kg3 Rc8 46.Bb5 Rc1 47.Rd6 Rg1+ 48.Kf2 Rb1 49.Rxb6 Rxb4 50.Kg3 g5
51.hxg5+ Kxg5 52.Rb7 h4+ 53.Kf2 Rb2+ 54.Ke3 Rb3+ 55.Kf2 f5 56.Rh7 Nd4 57.f4+ Kg4
58.Bf1 Rf3+ 59.Kg1 Ra3 60.Ra7 Ra2 61.Bg2 Ne2+ 62.Kf1 Ng3+ 63.Kg1 Nh5 64.Rh7 Ra3  0-1

[Event "NED-chT"]
[Site "NED"]
[Date "1992.??.??"]
[Round "?"]
[White "Van Mil, Johannes A J"]
[Black "Cifuentes Parada, Roberto"]
[Result "0-1"]
[WhiteElo "2445"]
[BlackElo "2540"]

1.e4 d6 2.d4 Nf6 3.Nc3 e5 4.Nf3 Nbd7 5.Bc4 Be7 6.O-O O-O 7.a4 c6 8.Ba2 b6
9.h3 a6 10.Re1 Rb8 11.d5 c5 12.Bc4 Ne8 13.Rb1 Nc7 14.Bf1 b5 15.axb5 axb5
16.b4 c4 17.g3 Bf6 18.Bg2 g6 19.Be3 Bg7 20.Qd2 f5 21.Bg5 Nf6 22.exf5 gxf5
23.Ra1 Kh8 24.Ra7 Rb7 25.Ra5 Re8 26.Bh6 Bxh6 27.Qxh6 Ng8 28.Qh5 Nf6 29.Qh4 Ncxd5
30.Nxd5 Nxd5 31.Ng5 Rg7 32.Bxd5 Rxg5 33.Rxb5 f4 34.Be4 Rg7 35.Qxd8 Rxd8 36.Kg2 Be6
37.Bf3 Rdg8 38.g4 h5 39.Rh1 hxg4 40.hxg4+ Rh7 41.Rxh7+ Kxh7 42.Be4+ Kg7 43.g5 Kh8
44.g6 Bf7 45.Kf3 Bxg6 46.Bxg6 Rxg6 47.Rb7 d5 48.Re7 Rb6 49.Rxe5 d4 50.Rd5 d3
51.c3 Re6 52.b5 Kg7 53.Rd4 Re1 54.b6 Rb1 55.Kxf4 Rxb6 56.Ke5 Rc6 57.Rg4+ Kf7
58.Rg1 Rg6 59.Rf1 Rc6 60.f4 Rc8 61.Kd5 Kf6 62.f5 d2 63.Ke4 Re8+  0-1

[Event "NOR-chT east"]
[Site "NOR"]
[Date "1992.??.??"]
[Round "2"]
[White "Engedal, Kim Nikolai"]
[Black "Ludvigsen, Frode"]
[Result "1-0"]
[WhiteElo "2260"]
[BlackElo "2330"]

1.e4 d6 2.d4 Nf6 3.Nc3 c6 4.a4 Qa5 5.Bd2 e5 6.d5 Qc7 7.Bg5 Nbd7 8.Nf3 Be7
9.Bd3 h6 10.Bxf6 Nxf6 11.Bc4 Bg4 12.O-O O-O 13.Re1 Kh8 14.h3 Bh5 15.g4 Bg6
16.Nh4 Bxe4 17.Nxe4 Nxe4 18.Nf5 Ng5 19.Kg2 cxd5 20.Bxd5 Ne6 21.c3 Nf4+ 22.Kh2 g6
23.Ne3 Bg5 24.Rf1 Rad8 25.Qb3 Kg7 26.Rab1 b6 27.Bf3 Qc5 28.Rbd1 f5 29.gxf5 gxf5
30.Bd5 Ng6 31.c4 f4 32.Nc2 f3 33.Ne3 Qc8 34.Rh1 Nf4 35.Kg1 Nxh3+ 36.Kf1 Rf4
37.Qd3 Rdf8 38.Be4 Bh4 39.Nf5+ Kh8 40.Rxh3 R8xf5 41.Bxf5 Rxf5 42.Rxh4  1-0

[Event "Norresundby op"]
[Site "Norresundby"]
[Date "1992.??.??"]
[Round "4"]
[White "Kristensen, Jorgen Juul"]
[Black "Busch, Klaus"]
[Result "1/2-1/2"]
[WhiteElo "2325"]
[BlackElo "2420"]

1.e4 d6 2.d4 Nf6 3.Nc3 c6 4.Nf3 Bg4 5.Be2 e6 6.Be3 Be7 7.O-O d5 8.e5 Nfd7
9.Nd2 Bxe2 10.Nxe2 c5 11.f4 Nc6 12.c3 g6 13.dxc5 Bxc5 14.Nd4 Qb6 15.N2b3 Bxd4
16.Bxd4 Nxd4 17.cxd4 a5 18.a4 Rc8 19.Rf3 Rc4 20.Kh1 O-O 21.g4 f6 22.Qe2 fxe5
23.fxe5 Rxf3 24.Qxf3 Rc8 25.Qe3 Qb4 26.h4 Rc2 27.Rf1 Rxb2 28.Qf3 Qf8 29.Qxf8+ Nxf8
30.Nxa5 Rb4 31.Rd1 Nd7 32.Rc1 Rxd4 33.Rc8+ Kf7 34.Rc7 Ke8 35.Nxb7 Rxa4 36.Nd6+ Ke7
37.Nc8+ Ke8 38.Nd6+ Ke7 39.Nc8+ Kd8 40.Rxd7+ Kxc8 41.Rxh7 Rxg4 42.Re7 Rxh4+
43.Kg2 Re4 44.Rxe6 g5 45.Kf3 Kc7 46.Kg3 g4 47.Kh4 d4 48.Rf6 Kc8 49.Kg3 Kc7  1/2-1/2

[Event "Norresundby op"]
[Site "Norresundby"]
[Date "1992.??.??"]
[Round "6"]
[White "Sobjerg, Erik"]
[Black "Busch, Klaus"]
[Result "1-0"]
[WhiteElo "2320"]
[BlackElo "2420"]

1.e4 d6 2.d4 Nf6 3.Nc3 c6 4.f4 Qa5 5.Bd3 e5 6.Nf3 Bg4 7.Be3 Nbd7 8.h3 Bxf3
9.Qxf3 Qb4 10.a3 Qxb2 11.Kd2 exf4 12.Rhb1 fxe3+ 13.Qxe3 Qxb1 14.Rxb1 O-O-O
15.Qg5 c5 16.e5 dxe5 17.dxe5 Ne8 18.Nb5 a6 19.Na7+ Kc7 20.Rxb7+  1-0

[Event "Norresundby op"]
[Site "Norresundby"]
[Date "1992.??.??"]
[Round "7"]
[White "Christensen, Tobias"]
[Black "Busch, Klaus"]
[Result "1/2-1/2"]
[WhiteElo "2345"]
[BlackElo "2420"]

1.e4 d6 2.d4 Nf6 3.Nc3 c6 4.f4 Qb6 5.Be2 e5 6.fxe5 dxe5 7.dxe5 Bc5 8.exf6 Bxg1
9.Qd6 Qf2+ 10.Kd1 gxf6 11.Bf4 Be6 12.Bh5 Qd4+ 13.Qxd4 Bxd4 14.Ke2 Rg8 15.g3 Nd7
16.Rhd1 Be5 17.Bxe5 fxe5 18.Ke3 Ke7 19.Rd2 a5 20.Rad1 Nc5 21.a3 Rgd8 22.Rxd8 Rxd8
23.Rxd8 Kxd8 24.Kf3 Ke7  1/2-1/2

[Event "Oostende op"]
[Site "Oostende"]
[Date "1992.??.??"]
[Round "5"]
[White "Miles, Anthony J"]
[Black "Tischbierek, Raj"]
[Result "1-0"]
[WhiteElo "2595"]
[BlackElo "2495"]

1.d4 d6 2.e4 Nf6 3.Nc3 e5 4.Nf3 Nbd7 5.Bc4 Be7 6.O-O O-O 7.a4 a5 8.Re1 c6
9.b3 Qc7 10.Bb2 Re8 11.Qd2 h6 12.Bf1 Nf8 13.h3 N6h7 14.d5 g5 15.Rad1 Ng6
16.Nh2 h5 17.g3 Kg7 18.Kg2 Nf6 19.Ba3 c5 20.Be2 Rh8 21.Rh1 Bd7 22.Nf1 Rag8
23.Ne3 Kf8 24.Bb5 Nf4+ 25.gxf4 gxf4+ 26.Kf1 fxe3 27.Qxe3 h4 28.Bxd7 Qxd7
29.Qe2 Nh5 30.Qb5 Qc8 31.Rd3 Rh6 32.Rf3 Bd8 33.Nd1 Rf6 34.Rxf6 Nxf6 35.Qc4 Nh5
36.Ne3 Rg6 37.Qe2 Ng7 38.Nc4 Kg8 39.Bc1 Qd7 40.Qf3 Rf6 41.Qe3 Rg6 42.Rg1 Rxg1+
43.Kxg1 f5 44.Kh2 Ne8 45.Qf3 fxe4 46.Qxe4 Qf7 47.Be3 Be7 48.Qg4+ Ng7 49.Nxa5 Bf8
50.Qxh4 Nf5 51.Qe4 Bh6 52.Nc4  1-0

[Event "RUS-ch"]
[Site "Orel"]
[Date "1992.??.??"]
[Round "?"]
[White "Lukin, Andrei M"]
[Black "Shabanov, Yuri"]
[Result "0-1"]
[WhiteElo "2435"]
[BlackElo "2425"]

1.e4 d6 2.d4 Nf6 3.Nc3 e5 4.Nf3 Nbd7 5.Bc4 Be7 6.dxe5 Nxe5 7.Nxe5 dxe5 8.Qxd8+ Bxd8
9.f3 c6 10.Ke2 Nd7 11.Be3 Bb6 12.Rhd1 Ke7 13.a4 Bxe3 14.Kxe3 a5 15.Rd2 Nb6
16.Bb3 Be6 17.Bxe6 Kxe6 18.b3 Rhd8 19.Rad1 Rxd2 20.Rxd2 Nc8 21.Rd8 Nb6 22.Rxa8 Nxa8
23.Kd3 Kd6 24.Nd1 b5 25.Ne3 g6 26.axb5 cxb5 27.c4 b4 28.Nd5 Kc5 29.Nf6 h5
30.h4 Nc7 31.g4 Ne6 32.Ke3 Nf4 33.Nd5 hxg4 34.fxg4 Ng2+ 35.Kf2 Nxh4 36.g5 a4
37.bxa4 b3 38.a5 b2 39.Nc3 Kxc4 40.Nb1 Kb5 41.Nd2 Kxa5 42.Nc4+ Kb4 43.Nxb2 Kc3
44.Nd1+ Kc2  0-1

[Event "Osasco"]
[Site "Osasco"]
[Date "1992.??.??"]
[Round "1"]
[White "Lehtivaara, Risto"]
[Black "Correa, Aron A"]
[Result "0-1"]
[WhiteElo "2305"]
[BlackElo "2390"]

1.e4 d6 2.d4 Nf6 3.Nc3 c6 4.f4 g6 5.Nf3 Bg7 6.h3 O-O 7.Bd3 Na6 8.Be3 Nc7
9.g4 b6 10.Qe2 c5 11.O-O-O Bb7 12.f5 c4 13.Bxc4 Nxe4 14.Nxe4 Bxe4 15.fxg6 hxg6
16.Rhf1 b5 17.Bd3 Bxd3 18.Qxd3 Nd5 19.Bd2 b4 20.Qb3 e6 21.h4 Qa5 22.h5 Qa6
23.Rh1 gxh5 24.gxh5 Rfc8 25.Rdg1 Kf8 26.h6 Bf6 27.Bg5 Ke7 28.h7 Qe2 29.Re1 Qb5
30.a4 Qc6 31.Kb1 Rab8 32.Rh6 Bxg5 33.Nxg5 Nc3+ 34.bxc3 bxc3 35.h8=Q Rxb3+
36.cxb3 Rxh8 37.Rxh8 Qg2  0-1

[Event "Oslo"]
[Site "Oslo"]
[Date "1992.??.??"]
[Round "1"]
[White "Malisauskas, Vidmantas"]
[Black "Tisdall, Jonathan D"]
[Result "1-0"]
[WhiteElo "2490"]
[BlackElo "2455"]

1.e4 d6 2.d4 Nf6 3.Nc3 e5 4.dxe5 dxe5 5.Qxd8+ Kxd8 6.Bc4 Bb4 7.Bd2 Ke7 8.Nf3 Nbd7
9.O-O-O Bd6 10.Rhe1 Nb6 11.Bb3 a6 12.Ng5 Be6 13.f4 Bxb3 14.axb3 Rhe8 15.fxe5 Bxe5
16.Nf3 Nbd7 17.Nxe5 Nxe5 18.Bf4 Kf8 19.Nd5 Nxd5 20.exd5 f6 21.Bxe5 fxe5 22.Re4 Rad8
23.Rf1+ Kg8 24.c4 Re7 25.Rfe1 Rde8 26.Kd2 Kf7 27.Kc3 Kf6 28.Rf1+ Kg6 29.Rf3 h5
30.h4 Rd8 31.Rg3+ Kf6 32.Rg5 c6 33.dxc6 bxc6 34.Rxh5 a5 35.Rg5 Rd1 36.Re2 Red7
37.Rf2+ Ke6 38.Rg6+ Ke7 39.Rxg7+ Ke6 40.Rxd7 Rxd7 41.g4 e4 42.Rd2 Rf7 43.Kd4 Rf4
44.Rg2 c5+ 45.Kxc5 Ke5 46.h5 e3 47.h6 Rf2 48.Rxf2  1-0

[Event "Ostrava op"]
[Site "Ostrava"]
[Date "1992.??.??"]
[Round "5"]
[White "Jakubiec, Artur"]
[Black "Berezjuk, Sergej"]
[Result "1/2-1/2"]
[WhiteElo "2315"]
[BlackElo "2380"]

1.e4 d6 2.d4 Nf6 3.Nc3 e5 4.Nf3 Nbd7 5.Bc4 Be7 6.O-O O-O 7.dxe5 dxe5 8.Bg5 c6
9.a4 h6 10.Be3 Re8 11.h3 Qc7 12.Nh4 Nf8 13.Qf3 Be6 14.Bd3 N6h7 15.Nf5 Bxf5
16.exf5 Nd7 17.Bc4 Bg5 18.Rad1 Bxe3 19.Qxe3 Nhf6 20.Bb3 b6 21.Ba2 e4 22.Rfe1 Qe5
23.Nxe4 Nd5 24.Qd2 Qxf5 25.Nd6 Rxe1+ 26.Rxe1 Qg5 27.Qxg5 hxg5 28.Bxd5 cxd5
29.Re7 Nc5 30.b3 a5 31.Kf1 d4 32.Ne4 Ne6 33.Ke1 Rc8 34.Kd2 Rc6 35.Rd7 Kf8
36.g3 Ke8 37.Rd6 Rxd6 38.Nxd6+ Kd7 39.Nxf7 Kc6 40.Ne5+ Kc5 41.Nc4 Nc7 42.Kd3 Nd5
43.Ne5 Nf6 44.Nf7 g4 45.hxg4 Nxg4 46.f3 Nf6 47.Ne5 Nd5 48.Nd7+ Kd6 49.Kxd4 Nb4
50.Nxb6 Nxc2+ 51.Ke4 Kc5 52.Nc4 Kb4 53.f4 Na1 54.Nxa5 Kxa5 55.Kf5 Nxb3 56.Kg6 Nc5
57.g4 Nd3 58.f5 Ne5+ 59.Kxg7 Nxg4  1/2-1/2

[Event "CZE-ch"]
[Site "Pardubice"]
[Date "1992.??.??"]
[Round "?"]
[White "Prandstetter, Eduard"]
[Black "Pribyl, Martin"]
[Result "1-0"]
[WhiteElo "2365"]
[BlackElo "2260"]

1.e4 d6 2.d4 Nf6 3.Nc3 c6 4.g3 Nbd7 5.Bg2 e5 6.Nge2 b5 7.O-O Be7 8.h3 O-O
9.f4 b4 10.Na4 Ba6 11.Re1 Bb5 12.b3 Bxa4 13.bxa4 Qa5 14.Bb2 exf4 15.Nxf4 Nb6
16.a3 Nc4 17.axb4 Qxb4 18.Bc1 Rab8 19.Ne2 d5 20.c3 Qb3 21.Qxb3 Rxb3 22.exd5 Nxd5
23.Bf4 Nxf4 24.gxf4 Bh4 25.Reb1 Rfb8 26.Rxb3 Rxb3 27.Bxc6 Rb2 28.Bf3 Nd2
29.Bd5 Ne4 30.Ra2 Rxa2 31.Bxa2 Be1 32.c4 Nc3 33.Kf1 Bd2 34.Bb3 Nxe2 35.Kxe2 Bxf4
36.c5 Kf8 37.d5 Ke7 38.Kf3 Bh2 39.Ke4 f5+ 40.Kd4 Bg1+ 41.Kc4 h5 42.d6+ Ke6
43.Kb5+ Kd7 44.Bf7 h4 45.Bg6 Bh2 46.Bxf5+ Kd8 47.a5 g5 48.Ka6 g4 49.Bxg4  1-0

[Event "Pardubice op"]
[Site "Pardubice"]
[Date "1992.??.??"]
[Round "2"]
[White "Semenova, Irina"]
[Black "Pribyl, Martin"]
[Result "0-1"]
[WhiteElo "2255"]
[BlackElo "2260"]

1.e4 d6 2.d4 Nf6 3.Nc3 c6 4.f4 Qa5 5.Bd3 e5 6.Nf3 Bg4 7.dxe5 dxe5 8.fxe5 Nfd7
9.e6 fxe6 10.O-O Be7 11.Be2 O-O 12.Bd2 Nf6 13.Kh1 Qh5 14.Ng5 Nbd7 15.Bf4 e5
16.Be3 Bxe2 17.Qxe2 Qxe2 18.Nxe2 Ng4 19.Bd2 Nf2+ 20.Kg1 Bc5 21.Ne6 Bb6 22.Nxf8 Rxf8
23.h3 Nd1+ 24.Kh2 Rxf1 25.Rc1 Rf2 26.Rxd1 Rxe2 27.Bc3 Nf8 28.Bxe5 Rxe4 29.Bc3 Bc7+
30.Kg1 Be5  0-1

[Event "Pardubice op"]
[Site "Pardubice"]
[Date "1992.??.??"]
[Round "5"]
[White "Korsunsky, Yuri"]
[Black "Karnik, Pavel"]
[Result "1-0"]
[WhiteElo "2430"]
[BlackElo "2295"]

1.d4 d6 2.e4 Nf6 3.Nc3 c6 4.Nf3 Bg4 5.h3 Bh5 6.Bg5 Qb6 7.Qd2 Nbd7 8.O-O-O O-O-O
9.g4 Bg6 10.Bd3 h5 11.e5 Bxd3 12.Qxd3 hxg4 13.exf6 exf6 14.hxg4 Rxh1 15.Rxh1 fxg5
16.Nxg5 Be7 17.Nxf7 Rf8 18.Qc4 Bf6 19.Nxd6+ Kb8 20.Rd1 c5 21.dxc5 Nxc5 22.Ndb5 a6
23.Nd4 Bg5+ 24.Kb1 Rc8 25.Qe2 Ka7 26.Nb3 Ne6 27.f3 Re8 28.Nd5 Qc6 29.f4 Nxf4
30.Qf2+ Ka8 31.Na5 Qb5  1-0

[Event "Pardubice op"]
[Site "Pardubice"]
[Date "1992.??.??"]
[Round "6"]
[White "Raetsky, Alexander"]
[Black "Fokin, Sergey"]
[Result "0-1"]
[WhiteElo "2460"]
[BlackElo "2340"]

1.d4 d6 2.e4 c6 3.Nc3 Nf6 4.Nf3 Bg4 5.Be2 e6 6.h3 Bh5 7.Be3 Be7 8.g4 Bg6
9.Nd2 d5 10.e5 Nfd7 11.f4 c5 12.Nb3 Bh4+ 13.Kf1 f6 14.exf6 Bxf6 15.dxc5 O-O
16.Kg2 Bxc3 17.bxc3 Nc6 18.Rf1 Be4+ 19.Kh2 Qc7 20.Nd2 Nxc5 21.Qe1 Ne7 22.Nb3 b6
23.Nd4 Rf7 24.Qg3 Raf8 25.Rf2 Ng6 26.Raf1 Bxc2 27.Nxc2 Ne4 28.Qg1 Qxc3 29.Bd4 Qxc2
30.Bd1 Qc7 31.Kh1 Nxf4 32.Qh2 e5 33.Be3 d4 34.Rc2 Nc3 35.Rxc3 dxc3 36.Bb3 Qc6+
37.Kg1 Kh8 38.Bxf7 Rxf7 39.Bc1 Qe4 40.Bxf4 exf4 41.Qf2 h6 42.Re1  0-1

[Event "Paris-ch"]
[Site "Paris"]
[Date "1992.??.??"]
[Round "7"]
[White "Payen, Arnaud"]
[Black "Popov, Sinisa"]
[Result "0-1"]
[WhiteElo "2305"]
[BlackElo "2290"]

1.e4 d6 2.d4 Nf6 3.Nc3 c6 4.Be3 Qa5 5.f3 e5 6.Qd2 Be7 7.Nge2 Be6 8.g4 h6
9.h4 Nbd7 10.Rg1 Nb6 11.b3 O-O-O 12.g5 hxg5 13.hxg5 Nfd7 14.d5 cxd5 15.b4 Qa3
16.exd5 Nc4 17.Qd3 Nb2 18.Qb5 Bf5 19.Bc1 Bxc2 20.Bxb2 Qxb2 21.Rc1 Kb8 22.Ne4 Rh2
23.Nf2 Nb6 24.Bh3 Rh8 25.Rg3 Ba4 26.Qd3 Qxb4+ 27.Kf1 Bb5 28.Qc2 Bxe2+ 29.Qxe2 Qf4  0-1

[Event "Peristeri"]
[Site "Peristeri"]
[Date "1992.??.??"]
[Round "3"]
[White "Frendzas, Panayotis"]
[Black "Trikaliotis, Georgios"]
[Result "1-0"]
[WhiteElo "2285"]
[BlackElo "2240"]

1.e4 d6 2.d4 Nf6 3.Nc3 c6 4.Nf3 Bg4 5.h3 Bxf3 6.Qxf3 Nbd7 7.Be3 e5 8.Be2 Be7
9.O-O Qc7 10.a4 h6 11.a5 g5 12.a6 exd4 13.Bxd4 b5 14.Nxb5 Qb8 15.e5 dxe5
16.Qxc6 O-O 17.Bc3 Rc8 18.Qb7 e4 19.Bxf6  1-0

[Event "World op"]
[Site "Philadelphia"]
[Date "1992.??.??"]
[Round "3"]
[White "Ardaman, Miles"]
[Black "Malaniuk, Vladimir P"]
[Result "0-1"]
[WhiteElo "2410"]
[BlackElo "2550"]

1.e4 d6 2.d4 Nf6 3.Nc3 e5 4.dxe5 dxe5 5.Qxd8+ Kxd8 6.Bc4 Be6 7.Bxe6 fxe6
8.Nf3 Bd6 9.Bg5 h6 10.Bh4 Ke7 11.Nd2 g5 12.Bg3 Nh5 13.Nc4 Nc6 14.a4 a6 15.a5 Nf4
16.Kf1 Raf8 17.Nd1 h5 18.h4 g4 19.c3 Bc5 20.b4 Ba7 21.Kg1 Rf7 22.Kh2 Rd8
23.Rf1 Ke8 24.Ndb2 Ne2 25.Rae1 Nxc3 26.Nxe5 Nxe5 27.Bxe5 Bd4 28.Bg3 Na2 29.Nd3 Bc3
30.Rd1 Nxb4 31.Nc5 Rxd1 32.Rxd1 e5 33.Nxb7 Bd4 34.Rc1 Nd3 35.Rc6 Kd7 36.Rxa6 Kc8
37.Nd6+ cxd6 38.Rxd6 Nxf2 39.Rh6 Nxe4 40.Rxh5 Rf1  0-1

[Event "World op"]
[Site "Philadelphia"]
[Date "1992.??.??"]
[Round "6"]
[White "Hellers, Ferdinand"]
[Black "Malaniuk, Vladimir P"]
[Result "1-0"]
[WhiteElo "2510"]
[BlackElo "2550"]

1.e4 d6 2.d4 Nf6 3.Nc3 e5 4.Nge2 c6 5.f3 Be7 6.Be3 h5 7.a4 a5 8.Qd2 Nbd7
9.Ng3 Nf8 10.Bc4 h4 11.Nf5 Bxf5 12.exf5 exd4 13.Bxd4 d5 14.Bd3 Qc7 15.Qe3 N8d7
16.O-O-O Kf8 17.g4 Bd6 18.Kb1 Be5 19.g5 Nh5 20.Rde1 Bxd4 21.Qxd4 Qf4 22.Qg1 Qd6
23.Ne2 Nf4 24.Qd4 Nxd3 25.Qxd3 Qb4 26.Nc3 Re8 27.Rxe8+ Kxe8 28.Nxd5 cxd5
29.Qxd5 Rf8 30.Rd1 Qxa4 31.Qxb7  1-0